[Event "Asia-chT KO blitz (Women) 5th"]
[Site "Ashkhabad"]
[Date "2017.09.27"]
[Round "1"]
[White "Lei, Tingjie"]
[Black "Nadirjanova, Nodira"]
[Result "1-0"]
[WhiteElo "2534"]
[BlackElo "2166"]
[PlyCount "85"]
[EventDate "2017.09.27"]
[EventType "team-k.o. (blitz)"]
[EventRounds "2"]
[EventCountry "TKM"]
[SourceTitle "EXT 2018"]
[Source "ChessBase"]
[SourceDate "2017.10.13"]
[SourceVersion "1"]
[SourceVersionDate "2017.10.13"]
[SourceQuality "1"]
[WhiteTeam "China"]
[BlackTeam "Uzbekistan"]
[WhiteTeamCountry "CHN"]
[BlackTeamCountry "UZB"]

1. d4 d5 2. c4 dxc4 3. e4 Nf6 4. e5 Nd5 5. Bxc4 Nb6 6. Bd3 Nc6 7. Ne2 Bg4 8. f3 Be6 9. Nbc3 Bc4 10. Be4 Bxe2 11. Nxe2 Nd5 12. Qb3 e6 13. Qxb7 Ncb4 14. Qb5+ Qd7 15. Qxd7+ Kxd7 16. a3 Nc6 17. Nc3 Nce7 18. Bd2 Rb8 19. 0-0-0 f5 20. exf6 Nxf6 21. Rhe1 g6 22. Bc2 Ned5 23. Ba4+ c6 24. Ne4 Nxe4 25. fxe4 Nb6 26. Bb3 Bd6 27. Rf1 Rhf8 28. g3 Nc8 29. Ba2 Ne7 30. Bh6 Rxf1 31. Rxf1 c5 32. dxc5 Be5 33. b4 a5 34. Rf7 axb4 35. Bg5 Bb2+ 36. Kxb2 bxa3+ 37. Kxa3 Ra8+ 38. Kb2 Re8 39. Rxe7+ Rxe7 40. Bxe7 Kxe7 41. Kc3 Kd7 42. Kd4 Kc6 43. Bxe6 1-0

[Event "Asia-chT blitz (Women) 5th"]
[Site "Ashkhabad"]
[Date "2017.09.27"]
[Round "2.2"]
[White "Nadirjanova, Nodira"]
[Black "Alattar, Ghayda M"]
[Result "1-0"]
[WhiteElo "2166"]
[BlackElo "1982"]
[PlyCount "87"]
[EventDate "2017.09.27"]
[EventType "team-swiss (blitz)"]
[EventRounds "5"]
[EventCountry "TKM"]
[SourceTitle "EXT 2018"]
[Source "ChessBase"]
[SourceDate "2017.10.13"]
[SourceVersion "1"]
[SourceVersionDate "2017.10.13"]
[SourceQuality "1"]
[WhiteTeam "Uzbekistan"]
[BlackTeam "Jordan"]
[WhiteTeamCountry "UZB"]
[BlackTeamCountry "JOR"]

1. Nf3 Nf6 2. b3 g6 3. Bb2 Bg7 4. c4 d6 5. d4 0-0 6. g3 Ne4 7. Nbd2 Nxd2 8. Qxd2 Bf5 9. Bg2 Nc6 10. 0-0 Rb8 11. d5 Ne5 12. Nd4 Bc8 13. h3 Nd7 14. e4 a6 15. b4 Qe8 16. Rac1 e5 17. Nb3 Nf6 18. c5 Qa4 19. Ba1 Re8 20. cxd6 cxd6 21. Rc7 Rf8 22. Rfc1 Ne8 23. Rxc8 Rxc8 24. Rxc8 h6 25. Na5 Qb5 26. Bf1 Qd7 27. Rb8 Nf6 28. Rxb7 Qa4 29. Bg2 Qa3 30. Qb2 Qd3 31. Qb3 Qe2 32. Bf1 Qe1 33. Bc3 Qxe4 34. Bg2 Qf5 35. Nc6 Ne4 36. Ne7+ Kh7 37. Nxf5 gxf5 38. Bxe4 fxe4 39. Qc2 f5 40. g4 Kg6 41. gxf5+ Kxf5 42. Rxg7 Rf6 43. Rg4 h5 44. Qxe4# 1-0

[Event "Asia-chT blitz (Women) 5th"]
[Site "Ashkhabad"]
[Date "2017.09.27"]
[Round "5.2"]
[White "Sachdev, Tania"]
[Black "Nadirjanova, Nodira"]
[Result "0-1"]
[WhiteElo "2391"]
[BlackElo "2166"]
[PlyCount "80"]
[EventDate "2017.09.27"]
[EventType "team-swiss (blitz)"]
[EventRounds "5"]
[EventCountry "TKM"]
[SourceTitle "EXT 2018"]
[Source "ChessBase"]
[SourceDate "2017.10.13"]
[SourceVersion "1"]
[SourceVersionDate "2017.10.13"]
[SourceQuality "1"]
[WhiteTeam "India"]
[BlackTeam "Uzbekistan"]
[WhiteTeamCountry "IND"]
[BlackTeamCountry "UZB"]

1. d4 d5 2. c4 dxc4 3. Nf3 a6 4. a4 Nc6 5. e3 Na5 6. Nbd2 Be6 7. Ng5 Qd7 8. Nxe6 Qxe6 9. Qc2 Nf6 10. Nxc4 Nxc4 11. Bxc4 Qe4 12. Qxe4 Nxe4 13. 0-0 e6 14. Bd3 Nd6 15. e4 0-0-0 16. Be3 f5 17. f3 g6 18. e5 Nf7 19. Bc4 Kd7 20. d5 Nxe5 21. dxe6+ Kc8 22. Ba2 Be7 23. Rfd1 Rxd1+ 24. Rxd1 Rd8 25. Rc1 Nd3 26. Rc2 Nb4 27. Rc4 Nxa2 28. Kf2 Nb4 29. g4 Nd3+ 30. Ke2 Nxb2 31. Rc2 Nxa4 32. Bf4 c6 33. gxf5 gxf5 34. Be5 Nc5 35. Ke3 Nxe6 36. Rg2 Bc5+ 37. Ke2 Bb4 38. Ke3 f4+ 39. Ke4 Nc5+ 40. Kf5 Rf8+ 0-1

[Event "Asian Indoor Games (Women) 5th"]
[Site "Ashkhabad"]
[Date "2017.09.23"]
[Round "5"]
[White "Nadirjanova, Nodira"]
[Black "Gong, Qianyun"]
[Result "0-1"]
[WhiteElo "2166"]
[BlackElo "2255"]
[PlyCount "76"]
[EventDate "2017.09.21"]
[EventType "swiss"]
[EventRounds "7"]
[EventCountry "TKM"]
[SourceTitle "CBM 180 Extra"]
[Source "ChessBase"]
[SourceDate "2017.10.06"]
[SourceVersion "1"]
[SourceVersionDate "2017.10.06"]
[SourceQuality "1"]

1. Nf3 Nf6 2. c4 b6 3. g3 Bb7 4. Bg2 g6 5. d4 Bg7 6. 0-0 0-0 7. Re1 e6 8. Bg5 h6 9. Bxf6 Qxf6 10. e4 d6 11. Nc3 Nd7 12. Qa4 Qe7 13. Rad1 a6 14. Qc2 Rac8 15. e5 Bxf3 16. Bxf3 dxe5 17. d5 Kh7 18. dxe6 Qxe6 19. Bd5 Qe7 20. Bb7 Rcd8 21. Nd5 Qd6 22. Nf4 Qc5 23. Nd3 Qe7 24. Bxa6 c6 25. c5 e4 26. Nb4 Nxc5 27. Nxc6 Rxd1 28. Rxd1 Qe6 29. Bb5 e3 30. b4 exf2+ 31. Qxf2 Ne4 32. Qe3 Nc3 33. Qd3 Nxd1 34. Qxd1 Rc8 35. Qc2 Bd4+ 36. Kf1 Qd5 37. a4 Qf3+ 38. Ke1 Bc3+ 0-1

[Event "Asian Indoor Games (Women) 5th"]
[Site "Ashkhabad"]
[Date "2017.09.22"]
[Round "3"]
[White "Nadirjanova, Nodira"]
[Black "Boshra, Alshaeby"]
[Result "1-0"]
[WhiteElo "2166"]
[BlackElo "2012"]
[PlyCount "107"]
[EventDate "2017.09.21"]
[EventType "swiss"]
[EventRounds "7"]
[EventCountry "TKM"]
[SourceTitle "CBM 180 Extra"]
[Source "ChessBase"]
[SourceDate "2017.10.06"]
[SourceVersion "1"]
[SourceVersionDate "2017.10.06"]
[SourceQuality "1"]

1. d4 g6 2. Bf4 Bg7 3. Nc3 d6 4. h4 h5 5. Nf3 Nd7 6. Qd2 a6 7. a4 c5 8. e3 Ngf6 9. Be2 b6 10. 0-0 Bb7 11. d5 Ng4 12. Ng5 Nde5 13. Bg3 Nf6 14. e4 0-0 15. Nd1 Qc7 16. c4 Rad8 17. Nc3 Bc8 18. Rae1 Nh7 19. Nxh7 Kxh7 20. f4 Ng4 21. Bxg4 Bxg4 22. e5 Qd7 23. Kh2 Qf5 24. Ne4 Qd7 25. Ng5+ Kg8 26. Nxf7 Rxf7 27. e6 Qxa4 28. exf7+ Kxf7 29. f5 gxf5 30. Qg5 Bf6 31. Rxf5 Qd7 32. Rf2 Rg8 33. Qh6 Rg6 34. Qh7+ Rg7 35. Qd3 b5 36. Ref1 bxc4 37. Qxc4 Qc7 38. Qxa6 Rg6 39. Ra1 c4 40. Rc1 Qc5 41. Qxc4 Qa5 42. b4 Qa7 43. Rcf1 Bd7 44. Ra2 Qe3 45. Rf3 Qh6 46. Ra7 Bg4 47. Rf1 Qe3 48. Qc7 Be2 49. Qxe7+ Qxe7 50. Rxe7+ Kxe7 51. Re1 Kf7 52. Rxe2 Be7 53. b5 Rg4 54. Rb2 1-0

[Event "Tashkent zt 3.4 (Women)"]
[Site "Tashkent"]
[Date "2017.06.23"]
[Round "8"]
[White "Nadirjanova, Nodira"]
[Black "Tokhirjonova, Gulruhbegim"]
[Result "0-1"]
[WhiteElo "2104"]
[BlackElo "2293"]
[PlyCount "116"]
[EventDate "2017.06.16"]
[EventType "swiss"]
[EventRounds "9"]
[EventCountry "UZB"]
[SourceTitle "CBM 179 Extra"]
[Source "ChessBase"]
[SourceDate "2017.08.23"]
[SourceVersion "1"]
[SourceVersionDate "2017.08.23"]
[SourceQuality "1"]

1. Nf3 d5 2. b3 Bf5 3. Bb2 Nd7 4. e3 Ngf6 5. Be2 h6 6. d3 e6 7. Nbd2 Be7 8. 0-0 0-0 9. Re1 Bh7 10. c4 a5 11. a3 c5 12. Ra2 Qc7 13. Qa1 Bd6 14. cxd5 exd5 15. d4 Rfd8 16. dxc5 Bxc5 17. Ne5 Bf8 18. Bd3 Ne4 19. Nxd7 Qxd7 20. Bd4 Qe6 21. Qb1 Bg6 22. Nf1 Rac8 23. Qa1 Nc5 24. Bxg6 Qxg6 25. Bxc5 Rxc5 26. Rd1 Qb6 27. Rd3 Rdc8 28. Qd4 Qa6 29. g3 Be7 30. Rad2 Bf6 31. Qg4 Qe6 32. h3 R8c6 33. Kg2 b5 34. Qf3 Rc3 35. a4 bxa4 36. bxa4 R3c4 37. Qd1 Bc3 38. Rc2 Bb4 39. Ra2 Rc1 40. Qf3 d4 41. Re2 Rxf1 42. exd4 Qd7 43. d5 Rcc1 44. Qe4 Rh1 45. Qe8+ Qxe8 46. Rxe8+ Kh7 47. Kf3 Rhd1 48. Ree3 Bc5 49. Rxd1 Rxd1 50. Re5 f6 51. Rf5 Kg6 52. g4 Kf7 53. d6 Bb4 54. Rb5 Rxd6 55. Rb7+ Kg6 56. h4 Rd2 57. h5+ Kh7 58. Ke3 Ra2 0-1